Loading...
Literature - American Literature | 1 | 4 | 0 | 0 | 55 | 53 | 95.60 | 2 | 5 |
Literature - World Literature | 2 | 2 | 2 | 0 | 40 | 34 | 83.25 | 2 | 4 |
Literature - European Literature | 2 | 1 | 0 | 0 | 40 | 48 | 75.33 | 2 | 3 |
Auditory Arts | 0 | 4 | 1 | 1 | 35 | 88 | 104.75 | 1 | 3 |
Visual Arts | 2 | 2 | 3 | 1 | 35 | 69 | 98.75 | 1 | 3 |
History - Other History | 1 | 1 | 0 | 0 | 25 | 64 | 66.50 | 2 | 2 |
Philosophy | 0 | 2 | 0 | 0 | 20 | 102 | 112.00 | 1 | 2 |
Social Science | 0 | 2 | 0 | 0 | 20 | 76 | 90.50 | 1 | 2 |
History - American History | 0 | 2 | 1 | 0 | 15 | 72 | 97.50 | 1 | 2 |
Literature - British Literature | 1 | 0 | 1 | 0 | 10 | 50 | 50.00 | 1 | 1 |
Fine Arts - Other Arts | 1 | 0 | 2 | 0 | 5 | 50 | 50.00 | 1 | 1 |